| 000 | 00752cam a22002777a 4500 | ||
|---|---|---|---|
| 003 | CHAP | ||
| 005 | 20220817043503.0 | ||
| 008 | 981029d1992 it a r 00110 fre d | ||
| 010 | _a76502 | ||
| 011 | _a77474 | ||
| 035 | _a87081 | ||
| 040 | _cCHAP | ||
| 090 | _aFolleto 13926f | ||
| 110 | 2 | _aFAO | |
| 245 | 0 |
_aEradication la lucilie bouchere _c/par FAO |
|
| 260 |
_aRome : _bFAO, _c1992. |
||
| 300 |
_a16 p. : _bilus. |
||
| 590 |
_aBATCH-UPD _b10 _c20130110 _lUCH01 _h1912 |
||
| 590 |
_aCONVERSION _b10 _c20130109 _lUCH01 _h1342 |
||
| 650 | 1 | 4 |
_aCochliomyia homnivorax. _924211 |
| 650 | 1 | 4 |
_aGanado _xPlagas. |
| 901 | _aBK | ||
| 905 | _aLilia Sánchez G. | ||
| 942 | _cFOLL | ||
| 949 |
_aFolleto 13926f _bBC _cFAO _d870811 _eFAO1 _i87081 _kDonaciØn _sb |
||
| 999 |
_c76502 _d76502 |
||